| 000 | 00671nam a2200241Ia 4500 | ||
|---|---|---|---|
| 003 | OSt | ||
| 005 | 20221005124354.0 | ||
| 006 | a|||||r|||| 00| 0 | ||
| 007 | ta | ||
| 008 | 221004b |||||||| |||| 00| 0 urd d | ||
| 020 | _c500 | ||
| 024 | _a796 | ||
| 037 |
_b5543/7, 16/03/2009, Modern Publishing House _cTextual |
||
| 040 |
_aCRL _cCRL _burd |
||
| 041 |
_2urd _aurd |
||
| 082 | _aO168:g,N, P7 | ||
| 100 | _aQasmi Abul Kalam | ||
| 245 | 0 | _aMuassir tanqidi ravaiyye | |
| 260 | _c2007 | ||
| 650 | _aURDU LITERATURE | ||
| 942 |
_hO168:g,N, P7 _cTEXL _2cc |
||
| 999 |
_c1050264 _d1050264 |
||